Slovenský raj osada Dobšinská ľadová jaskyňa : interiér jaskyne : plachetnica na priehrade Palcmanská Maša : obec Stratená

Zobrazenie: V zelenobielom orámovaní pohľady na osadu Dobšinská ľadová jaskyňa, interiér jaskyne, plachetnicu na priehrade a obec Stratená, v pozadí Sokolie skaly. Na prvom pohľade vľavo dolu je umiestnený znak Národného parku Slovenský raj

Bibliographic Details
Other Authors: Jiroušek, Ladislav, 1943-2019 (Photographer), Lorencová, Elena (fotografka) (Photographer)
Format: Photo
Language:Slovak
PhysicalDescription:1 pohľadnica (4 čiastkové pohľady) farebná 11 x 15 cm
Published: Bratislava ČSTK-Pressfoto 1989
Subjects:

MARC

LEADER 00000ckm a2200000 a 4500
001 vtls001395785
003 SK-MaSNL
005 20260331204212.0
007 kf co
008 231120s1989 xo g 0kuslo
015 |a SNBG1989 
035 |a SNK000350153 
035 |a urn:nbn:sk:snk-km3luzx 
035 |a FAD2592A-898D-498A-BBDD-C6BB1C405B02 
035 |a urn:nbn:sk:snk-km00dsx4 
040 |a SNK  |b slo  |c SNK  |e AACR2 
041 0 |a slo 
043 |a e-xo--- 
044 |a xo  |c SK 
072 7 |a 908(437)  |x Vlastiveda Česka a Slovenska  |2 konspekt 
080 |a 779  |2 1981 
080 |a 908(437.6)  |2 2011 
080 |a (084.121)  |2 2011 
080 |a 627.81  |2 2011 
080 |a 551.442  |2 2011 
100 1 |a Jiroušek, Ladislav,  |d 1943-2019  |4 pht  |9 90423 
245 1 0 |a Slovenský raj  |h grafika  |b osada Dobšinská ľadová jaskyňa : interiér jaskyne : plachetnica na priehrade Palcmanská Maša : obec Stratená  |c foto: L. Jiroušek, E. Lorencová ; výtvarný návrh: J. Voskár 
260 |a Bratislava  |b ČSTK-Pressfoto  |c 1989  |e Skalica  |f Grafobal 
300 |a 1 pohľadnica (4 čiastkové pohľady)  |b farebná  |c 11 x 15 cm 
520 8 |a Zobrazenie: V zelenobielom orámovaní pohľady na osadu Dobšinská ľadová jaskyňa, interiér jaskyne, plachetnicu na priehrade a obec Stratená, v pozadí Sokolie skaly. Na prvom pohľade vľavo dolu je umiestnený znak Národného parku Slovenský raj 
650 0 7 |a jaskyne  |2 SNKPH  |9 20772 
650 0 7 |a vodné nádrže  |2 SNKPH  |9 4190 
651 7 |a Slovenský raj (Slovensko : pohorie)  |2 SNKPHgeo  |9 65478 
651 7 |a Dobšinská ľadová jaskyňa (Slovensko)  |2 SNKPHgeo  |9 20637 
651 7 |a Stratená (Slovensko)  |2 SNKPHgeo  |9 58428 
651 7 |a Palcmanská Maša (Slovensko : vodná nádrž)  |2 SNKPHgeo  |9 58759 
655 7 |a geografické pohľadnice  |2 SNKPH  |9 70522 
700 1 |a Lorencová, Elena  |c (fotografka)  |4 pht  |9 283290 
700 1 |a Voskár, J.  |c (grafik)  |4 art  |9 283341 
852 |a Slovenská národná knižnica 
954 |a pohľadnice pôvodné (slovenské)  |2 lita 
958 |a GBN 
958 |a GC 
958 |a OND 
958 |a EUIPO 
999 |c 896439  |d 898369 
952 |t P60, <03>, [BOOK], {603}  |a SNK  |b SNK  |y PREZ  |7 0  |p 17A1296194  |o snkSP 149500  |i snkPV 854/2000  |z Pohľadnica prešla poštou.  |0 0  |1 0  |4 0  |d 2000-09-08  |f 1  |l 0  |r 2005-01-02 00:00:00  |w 2026-02-24